Fisiología
Saved in:
| Main Author: | |
|---|---|
| Format: | Book |
| Language: | Spanish |
| Published: |
Barcelona, España
Elsevier
2011
|
| Edition: | Cuarta edición |
| Subjects: | |
| Online Access: | Disponible Online |
| Tags: |
Add Tag
No Tags, Be the first to tag this record!
|
MARC
| LEADER | 00000cam a2200000 a 4500 | ||
|---|---|---|---|
| 001 | UCF6937 | ||
| 003 | CL-VaPUC | ||
| 005 | 20240917101511.0 | ||
| 008 | 130530e20110000SP |||||||||||||||||spa|d | ||
| 999 | |c 351921 |d 351919 | ||
| 020 | |a 9788480868242 | ||
| 040 | |c Pontificia Universidad Católica de Valparaíso | ||
| 082 | 0 | 4 | |a 612 COS 2011 |2 21 |
| 100 | 0 | |a Costanzo, Linda S |9 568904 | |
| 245 | 1 | 0 | |a Fisiología |
| 250 | |a Cuarta edición | ||
| 260 | |a Barcelona, España |b Elsevier |c 2011 | ||
| 300 | |a 493 páginas | ||
| 583 | |a last modification |c 20160114 09:56:00 |k Rodrigo Vera | ||
| 650 | 0 | |a Fisiología clínica |x Fisiología celular |9 269557 | |
| 650 | 0 | |a Electrofisiología |9 269546 | |
| 650 | 0 | |a Neurofisiología |x Sistema nervioso |9 342078 | |
| 856 | |u http://bibliografiadigital.pucv.cl.pucv.idm.oclc.org/index.php/bibliotecapucv/catalog/book/517 |y Disponible Online | ||
| 942 | |c BK |2 ddc | ||
| 945 | |d 20130530 00:00:00 |a dcastane | ||
| 952 | |0 0 |1 0 |2 ddc |4 0 |6 612_000000000000000_COS_2011 |7 0 |8 A |9 456350 |a BIBCUR |b BIBCUR |d 2019-11-22 |i 4975472 |l 3 |m 3 |o 612 COS 2011 |p 4975472 |r 2025-04-22 |s 2024-10-16 |t 1 |w 2019-11-22 |y BK |k BIO | ||